Ciudades que comienzan con A en un mapa - Estadísticas

Estadísticas generales
  • Esta prueba ha sido intentada 53 veces
  • La puntuación promedio es 19 de 31
Respuestas en el mapa
Las respuestas están codificadas por una escala verde-roja en el mapa de la prueba según el % correcto abajo.
 
Estadísticas de respuestas
cuidad % Correcto
Ámsterdam
98%
Ankara
96%
Asunción
92%
Argel
90%
Atenas
90%
Alicante
88%
Alejandría
82%
Atlanta
82%
Amán
80%
Abu Dabi
76%
Accra
76%
Auckland
76%
Antananarivo
74%
Adis Abeba
72%
Amberes
70%
Austin
68%
Aberdeen
66%
Acapulco
58%
Alepo
54%
Adelaida
52%
Abuja
48%
Antalya
46%
Anchorage
44%
Agra
40%
Adén
36%
Almaty
36%
Atlantic City
32%
Ahmedabad
28%
Ángeles
18%
Ashgabat
14%
Amritsar
12%
No se encontraron pruebas coincidentes
Distribución de puntuación
Porcentaje de gente con cada puntuación
Porcentaje por número respondido
Historial de tus puntuaciones
No has intentado esta prueba.